书目信息 |
| 题名: |
计算机地图制图原理与方法
|
|
| 作者: | 杜培军 , 程朋根 主编 | |
| 分册: | ||
| 出版信息: | 徐州 中国矿业大学出版社 2006 |
|
| 页数: | 337页 | |
| 开本: | 26cm | |
| 丛书名: | ||
| 单 册: | ||
| 中图分类: | P283.7 | |
| 科图分类: | ||
| 主题词: | 地图制图自动化--教材 | |
| 电子资源: | ||
| ISBN: | 7-81107-214-9 | |
| 000 | 00802nam0 2200229 450 | |
| 001 | 1551948290 | |
| 005 | 20150118142633.10 | |
| 010 | @a7-81107-214-9@dCNY29.80 | |
| 100 | @a20060801d2006 em y0chiy50 ea | |
| 101 | 0 | @achi |
| 102 | @aCN@b320000 | |
| 105 | @ay z 000yy | |
| 200 | 1 | @a计算机地图制图原理与方法@9ji suan ji di tu zhi tu yuan li yu fang fa@f杜培军,程朋根主编 |
| 210 | @a徐州@c中国矿业大学出版社@d2006 | |
| 215 | @a337页@d26cm | |
| 330 | @a本书包括了11章,在分析计算基地图基本概念与特点的基础上,介绍了基本图形与地图对象生成原理,计算机地图制图的流程,地图数据处理等。 | |
| 606 | 0 | @a地图制图自动化@j教材 |
| 690 | @aP283.7@v5 | |
| 701 | 0 | @a杜培军@9du pei jun@f(1975~)@4主编 |
| 701 | 0 | @a程朋根@9cheng peng gen@4主编 |
| 801 | 0 | @aCN@bTSSF@c20150118 |
| 905 | @aZUCC@dP283.7@eJY33 | |
| 计算机地图制图原理与方法/杜培军,程朋根主编.-徐州:中国矿业大学出版社,2006 |
| 337页;26cm |
| ISBN 7-81107-214-9:CNY29.80 |
| 本书包括了11章,在分析计算基地图基本概念与特点的基础上,介绍了基本图形与地图对象生成原理,计算机地图制图的流程,地图数据处理等。 |
| ● |
| 相关链接 |
|
|
|
|
正题名:计算机地图制图原理与方法
索取号:P283.7/JY33
 
预约/预借
| 序号 | 登录号 | 条形码 | 馆藏地/架位号 | 状态 | 备注 |
| 1 | 7848897 | 278488977 | 学院路分馆/ [索取号:P283.7/JY33] | 在馆 | |
| 2 | 7848898 | 278488986 | 学院路分馆/ [索取号:P283.7/JY33] | 在馆 |